Official TOEFL iBT Tests / (Record no. 207372)
[ view plain ]
| 000 -LEADER | |
|---|---|
| fixed length control field | 00710nam a22002177a 4500 |
| 005 - DATE AND TIME OF LATEST TRANSACTION | |
| control field | 20241203154622.0 |
| 010 ## - LCCN (DPL NO) | |
| LC control number | ENG-142797 ENG-142794 |
| 020 ## - INTERNATIONAL STANDARD BOOK NUMBER | |
| International Standard Book Number | 9789355326454(Vol 2) |
| Terms of availability | 1150.00 |
| 020 ## - INTERNATIONAL STANDARD BOOK NUMBER | |
| International Standard Book Number | 9789355328687(Vol 1) |
| Terms of availability | 1150.00 |
| 035 ## - SYSTEM CONTROL NUMBER | |
| System control number | EN-126326 |
| 035 ## - SYSTEM CONTROL NUMBER | |
| System control number | EN-126329 |
| 037 ## - SOURCE OF ACQUISITION | |
| Source of stock number/acquisition | DBAD |
| 082 ## - DEWEY DECIMAL CLASSIFICATION NUMBER | |
| Classification number | 488.0076 |
| Edition number | 4,5 |
| 245 ## - TITLE STATEMENT | |
| Title | Official TOEFL iBT Tests / |
| Statement of responsibility, etc | by N/A Educational Testing Service |
| 250 ## - EDITION STATEMENT | |
| Edition statement | 4, 5 |
| 260 ## - PUBLICATION, DISTRIBUTION, ETC. (IMPRINT) | |
| Place of publication, distribution, etc | Chennai |
| Name of publisher, distributor, etc | McGraw Hill Education Private Ltd |
| Date of publication, distribution, etc | 2024 |
| 270 ## - ADDRESS | |
| Address | Anjana Complex No. 5/90 A, Butt Road, St Thomas Mount |
| City | Chennai |
| Postal code | 600016 |
| 300 ## - PHYSICAL DESCRIPTION | |
| Extent | 357p.,344p. |
| Dimensions | 28cm(pb) |
| Other physical details | Index |
| 490 ## - SERIES STATEMENT | |
| Volume number/sequential designation | Vol 1, Vol 2 |
| 942 ## - ADDED ENTRY ELEMENTS (KOHA) | |
| Source of classification or shelving scheme | Dewey Decimal Classification |
| Item type | English Books |
| Call number suffix | OFF |
| Classification part | 488.0076 |
| Edition | 4,5 |
| Withdrawn status | Lost status | Materials specified (bound volume or other part) | Not for loan | Collection code | Home library | Current library | Date acquired | Source of acquisition | Cost, normal purchase price | Full call number | Barcode | Copy number | Cost, replacement price | Koha item type |
|---|---|---|---|---|---|---|---|---|---|---|---|---|---|---|
| VOL-1 | Non-fiction | Central Library | Central Library | 03/12/2024 | Delivery of Books Act Division | 1150.00 | OFF 488.0076 | EN-126329 | 1 | 1150.00 | English Books | |||
| VOL 2 | Non-fiction | Central Library | Central Library | 03/12/2024 | Delivery of Books Act Division | 1150.00 | OFF 488.0076 | EN-126326 | 1 | 1150.00 | English Books |
